000 00338nam a2200133Ia 4500
008 240624s9999 xx 000 0 und d
041 _aeng
082 _a332.024 NIS
100 _aNATIONAL INSTITUTE OF SECURITIES MARKETS
245 _aRETIREMENT ADVISER
260 _c2016
_aNew Delhi
_bTaxmann
300 _a312 , p.
365 _cRS
_b30
999 _c28898
_d28898